000 00420nam a2200181Ia 4500
001 13971
005 20260306164840.0
008 260306t2019||||xx |||||||||||||| ||spa||
041 _aESP
082 _a005.74
_bP95
100 _aPulido Romero, Elizabeth
_eAUT
245 0 _aBase de datos
260 _c2019
300 _aix, 205 páginas :
_c27 cm.
650 _aGEN
654 _aCCC
942 _cLIB
_dJUS
_fJUS
_2ddc
_n
999 _c13971
_d13971